MARC

Tag First Indicator Second Indicator Subfields
LEADER 00000cam a2200000La 4500
001 in00001745522
005 20220105122440.0
006 m u
007 cr cn-
008 010425s1997 kyua sb 001 0 eng d
010 |z  96048626  
020 |a 0813170036 (electronic bk.) :  |c $44.95 
020 |z 0813120128 (cloth : alk. paper) 
035 |a (OCoLC)ocm47011029 
035 |a 52037  |b (N$T) 
040 |a N$T  |c N$T  |d OCL  |d UtOrBLW 
043 |a e-uk--- 
049 |a IKMN 
050 1 4 |a PR698.C6  |b C36 1997eb 
082 0 4 |a 822/.05230904  |2 21 
100 1 |a Canfield, J. Douglas  |q (John Douglas),  |d 1941-  |0 http://id.loc.gov/authorities/names/n82050952 
245 1 0 |a Tricksters & estates :  |b on the ideology of Restoration comedy /  |c J. Douglas Canfield. 
246 3 |a Tricksters and estates 
264 1 |a Lexington, Ky. :  |b University Press of Kentucky,  |c [1997] 
264 4 |c ©1997 
300 |a xi, 315 pages :  |b illustrations ;  |c 24 cm. 
336 |a text  |b txt  |2 rdacontent 
337 |a computer  |b c  |2 rdamedia 
338 |a online resource  |b cr  |2 rdacarrier 
504 |a Includes bibliographical references (pages [284]-294) and indexes. 
533 |a Electronic reproduction.  |b Boulder, Colo. :  |c NetLibrary,  |d 2001.  |n Available via World Wide Web.  |n Access may be limited to NetLibrary affiliated libraries.  |n This netLibrary eBook does not include some or all of the images that were part of the original hardcopy book. 
500 |a Electronic resource. 
650 0 |a English drama  |y Restoration, 1660-1700  |x History and criticism.  |0 http://id.loc.gov/authorities/subjects/sh2008103089 
650 0 |a Literature and society  |z Great Britain  |x History  |y 17th century.  |0 http://id.loc.gov/authorities/subjects/sh2009129897 
650 0 |a English drama (Comedy)  |x History and criticism.  |0 http://id.loc.gov/authorities/subjects/sh2008103084 
650 0 |a Inheritance and succession in literature.  |0 http://id.loc.gov/authorities/subjects/sh94005095 
650 0 |a Rogues and vagabonds in literature.  |0 http://id.loc.gov/authorities/subjects/sh85114842 
650 0 |a Deception in literature.  |0 http://id.loc.gov/authorities/subjects/sh85036188 
650 0 |a Tricksters in literature.  |0 http://id.loc.gov/authorities/subjects/sh85137489 
655 7 |a Electronic books.  |2 local 
710 2 |a NetLibrary, Inc.  |0 http://id.loc.gov/authorities/names/no99080690 
776 0 |c Original  |w (DLC) 96048626  |w (OCoLC)35831298 
856 4 1 |u https://proxy.library.tamu.edu/login?url=http://www.netLibrary.com/urlapi.asp?action=summary&v=1&bookid=52037  |z Connect to the full text of this electronic book  |t 0 
994 |a 92  |b IKM 
999 |a MARS 
999 f f |s 41db888e-ed03-360d-92be-171f171ed816  |i 08ae65cf-12aa-38c1-97d5-55c123470eb9  |t 0 
952 f f |a Texas A&M University  |b College Station  |c Electronic Resources  |d Available Online  |t 0  |e PR698.C6 C36 1997eb  |h Library of Congress classification 
998 f f |a PR698.C6 C36 1997eb  |t 0  |l Available Online